000 00792nam a2200229 a 4500
999 _c2253
_d2253
001 2253
003 BD-JhCC
005 20171108093419.0
008 171031s1999 bg ||||| |||| 00| 0 ben d
020 _a9840739360
035 _a(BD-JhCC)2253
040 _aBD-JhCC
_dBD-JhCC
041 _aben
082 _222
_a923.1
_bMOM 1999
100 _aমোমেনীন, আমিরুল
245 _aবাংলাদেশে নজরুল চর্চা :
_bনজরুল বিষায়ক রচনাসূচি /
_cআমিরুল মোমেনীন
260 _aঢাকা :
_bবাংলা একাডেমী,
_c১৯৯৯
300 _a430 p. :
_c22cm.
650 _aKazi Nazrul Islam
_zBengali Literature research
942 _2ddc
_cBK